| 000 | 00879nam a2200277 a 4500 | ||
|---|---|---|---|
| 003 | EG-ScBUE | ||
| 005 | 20221212100450.0 | ||
| 008 | 150422t2012 cc eo f 000 0 eng d | ||
| 020 | _a9787214076809 (v. 1) | ||
| 020 | _a9787214076755 (v. 2) | ||
| 040 |
_aEG-ScBUE _beng _erda _cEG-ScBUE _dEG-ScBUE |
||
| 082 | 0 | 4 |
_a725.2 _bNEW _222 |
| 245 | 0 | 0 |
_aNew buildings of the masters / _cby JTart. |
| 264 | 1 |
_a[Beijing] : _bJTart publishing & Media, _c[2012] |
|
| 264 | 4 | _cc2012 | |
| 300 |
_a2 volumes : _bplans, photographs ; _c30 cm |
||
| 520 | 0 | _aVolume 1 -- Volume 2. | |
| 650 | 7 |
_aOffice buildings. _2BUEsh _937692 |
|
| 650 | 7 |
_aSkyscrapers. _2BUEsh _95789 |
|
| 650 | 7 |
_aArchitectural design. _93345 _2BUEsh |
|
| 651 | _2BUEsh | ||
| 653 |
_bENGARC _cApril2015 |
||
| 655 | _vReading book | ||
| 710 | 2 |
_aJTart Publishing & Media, _eeditor. _937694 |
|
| 942 |
_2ddc _k725.2 NEW _cBB |
||
| 999 |
_c19210 _d19182 |
||